| 000 | 00613nam a2200229Ia 4500 | ||
|---|---|---|---|
| 003 | OSt | ||
| 005 | 20230323113750.0 | ||
| 008 | 210423s2007 xx 000 0 und d | ||
| 020 | _a275958124 | ||
| 040 | _cAL | ||
| 041 | _aeng | ||
| 082 |
_a338.5 _223 _bCOWF |
||
| 100 |
_aCOWELL (Frank A) _976897 |
||
| 245 | _aMicroeconomics: principles and analysis | ||
| 260 |
_aNew Delhi _bOxford University Press _c2007 |
||
| 300 |
_axxviii,637 _bPB |
||
| 365 |
_b495 _cINR |
||
| 650 |
_aEconomics _976898 |
||
| 650 |
_aMicroeconomics _976899 |
||
| 906 | _aanalysis ; Microeconomics: ; principles | ||
| 942 |
_2ddc _cBK |
||
| 999 |
_c155693 _d155693 |
||